000 00971nam a2200277Ia 4500
005 20220317000811.0
008 160601s2004 ck g 000 0 spa
020 _a9588079322
082 0 4 _a352.1409861
_bR28g
100 1 _aRevelo Hurtado, Baudilio
245 1 0 _aGuía jurídica del alcalde
_cBaudilio Revelo Hurtado, Ana Cecilia León Calero
250 _a1a. edición
300 _a337 páginas
_c24 cm
490 _aColección Textos universitarios
504 _aIncluye bibliografías
650 1 4 _2LEMB
_aAdministración pública
_zColombia
650 1 4 _2LEMB
_aAlcaldes
_xElección popular
_zColombia
650 1 4 _2LEMB
_aFuncionarios y empleados municipales
700 1 _aLeón Calero, Ana Cecilia
_954704
942 _2ddc
_cBK
264 _aCali
_bUniversidad Libre de Cali
_c2004
336 _atexto
_btxt
_2rdacontent
337 _asin mediación
_bn
_2rdamedia
338 _avolumen
_bnc
_2rdacarrier
040 _aCO-BoRNBP
_bspa
_erda
_cCO-BoRNBP
999 _c5097
_d5097